| 000 | 01350 a2200289 4500 | ||
|---|---|---|---|
| 003 | Nust | ||
| 005 | 20170207154049.0 | ||
| 010 | _a 2009929415 | ||
| 020 | _a0387730028 (hbk. : acid-free paper) | ||
| 020 | _a0387730036 (electronic version) | ||
| 020 | _a0387730044 (print and electronic bundle) | ||
| 020 | _a9780387730028 (hbk. : acid-free paper) | ||
| 020 | _a9780387730035 (electronic version) | ||
| 020 | _a9780387730042 (print and electronic bundle) | ||
| 035 | _a(OCoLC)ocn316434871 | ||
| 040 | _cNust | ||
| 082 | 0 | 4 | _a570.15195 |
| 100 | _aStan Z. Li, Anil K. Jain. | ||
| 245 | 0 | 0 |
_aEncyclopedia of biometrics (E-Book) _cStan Z. Li, Anil K. Jain. |
| 260 |
_aNew York : _bSpringer, _cc2009. |
||
| 300 |
_a2 v. (xxxi, 1433 p.) : _bill. ; _c27 cm. |
||
| 505 | 0 | _aEditorial Board. List of Contributors. Preface. A-Z entries with references.- General Issues. Biometrics. Sensors and Devices. Pattern Recognition. Data Fusion. Performance Evaluation.- Modalities. Face. Fingerprint. Iris. Hand. Vein. Signature. Speaker. Gait. Ear.- Other Modalities. Keystroke, Lip Movement, EEG, Odor, Skull, Teeth, DNA. Sample Synthesis.- Systems and Applications. System Design. Security. Applications. Forensic Science. Standardization | |
| 650 | 0 | _aBiometry | |
| 651 | _a(E-Book) | ||
| 700 | 1 |
_aJain, Anil K., _d1948- |
|
| 700 | 1 |
_aLi, S. Z., _d1958- |
|
| 942 |
_2ddc _cBK |
||
| 999 |
_c193054 _d193054 |
||